[Event "XVII MetLife Najdorf Open 2017"]
[Site "Warsaw"]
[Date "2017.07.17"]
[Round "9"]
[White "Golubov, Saveliy"]
[Black "Das, Sayantan"]
[Result "1/2-1/2"]
[WhiteElo "2516"]
[BlackElo "2399"]
[Annotator "TA"]
[PlyCount "89"]
[EventDate "2017.??.??"]
[EventType "swiss"]
[EventCountry "POL"]
[SourceTitle "playchess.com"]
[Source "ChessBase"]
[SourceQuality "1"]

{[%evp 10,89,-34,-43,-39,-45,-45,-49,-37,-95,-84,-81,-78,-71,-71,-53,-33,-77,-70,-105,-106,-148,-160,-151,-150,-182,-157,-192,-166,-170,-169,-185,-139,-131,-20,-20,-20,-20,-20,-20,-20,-29,-20,-20,-21,-39,-41,-50,-34,-37,-46,-31,-8,-25,0,-32,0,-28,0,0,0,0,0,0,0,-8,-8,-8,0,0,0,0,0,0,0,0,0,0,0,0,0,0]} 1. e4 c5 2. f4 d5 3. e5 Nc6 4. Nf3 Bg4 5. Be2 e6 6. O-O {LiveBook: 3 Games} Nh6 {B21: Sicilian: 2 f4 and Morra Gambit} (6... h5 7. h3 Bxf3 8. Bxf3 h4 9. d3 Nge7 10. Be3 Nf5 11. Bf2 g6 12. c3 Rc8 13. Na3 b6 14. Nc2 {0-1 (53) Fellenger,A (2142)-Obolenskikh,D (2537) Irkutsk 2016}) 7. h3 Bxf3 8. Bxf3 Nf5 {Black is slightly better.} 9. c3 (9. d3 $15) 9... c4 $146 ({Predecessor:} 9... Be7 10. d3 O-O 11. g4 Nh4 12. Be2 g5 13. Nd2 gxf4 14. Nf3 {0-1 (24) Fridich,V (1010)-Kuzmin,K (1817) LSS email 2012}) 10. d4 cxd3 $1 11. Qxd3 Bc5+ 12. Kh2 h5 13. b4 Bb6 14. Na3 {[#]} g5 $1 {[%mdl 512]} 15. g4 (15. fxg5 Nxe5) 15... hxg4 16. Bxg4 {[#]} Nh6 $1 {[%cal Rh6g4]} 17. Qg3 Qe7 18. fxg5 Nxg4+ 19. Qxg4 Nxe5 20. Qg3 Ng6 {Strongly threatening ...0-0-0.} 21. Nb5 O-O-O (21... Rh7 $17 {White must now prevent ...0-0-0.} 22. a4 Qd7) 22. a4 $11 {[%cal Ba2a4,Ba4a5][%mdl 32]} Rh7 {Hoping for ...Rdh8.} 23. a5 $1 {[%cal Ra5b6]} Bc7 $1 {[%cal Rc7g3]} 24. Nxc7 Qxc7 25. Qxc7+ Kxc7 26. Be3 Rdh8 27. Bxa7 Rxh3+ 28. Kg2 Rh2+ (28... Rxc3 29. Rxf7+ Kd8 30. a6 $16 (30. Rxb7 Nf4+ 31. Kg1 Ne2+ 32. Kg2 Rg3+ 33. Kf1 Rh1+ 34. Kxe2 Rxa1 $17)) 29. Kg1 Kc6 30. Rae1 $1 Rh1+ 31. Kf2 R1h2+ 32. Kg1 Rh1+ 33. Kf2 R8h2+ 34. Ke3 {The position is equal.} Rh3+ 35. Kd2 R1h2+ 36. Re2 Ne5 37. Bb8 (37. Bd4 $5 {[%cal Rd4e5]} Nc4+ 38. Ke1 $11) 37... Nc4+ 38. Ke1 $132 {[%mdl 2048] White has counterplay} Rxe2+ 39. Kxe2 {[%mdl 4096] Endgame KRB-KRN} Re3+ 40. Kd1 Rd3+ 41. Kc2 Rd2+ 42. Kc1 Kb5 43. Rxf7 Rg2 44. Rxb7+ Ka4 $1 45. Kd1 {Precision: White = 56%, Black = 76%.} 1/2-1/2

[Event "XVII MetLife Najdorf Open 2017"]
[Site "Warsaw"]
[Date "2017.07.17"]
[Round "9"]
[White "Kanarek, Marcel"]
[Black "Zhigalko, Andrey"]
[Result "1-0"]
[WhiteElo "2509"]
[BlackElo "2564"]
[Annotator "TA"]
[PlyCount "65"]
[EventDate "2017.??.??"]
[EventType "swiss"]
[EventCountry "POL"]
[SourceTitle "playchess.com"]
[Source "ChessBase"]
[SourceQuality "1"]

{[%evp 21,65,29,23,29,36,37,49,32,27,31,77,81,77,89,112,95,102,99,183,184,193,189,179,188,190,104,104,99,562,221,1155,1144,1437,1406,1512,1514,1474,1468,1429,1414,1343,1322,1270,1255,1155,1116]} 1. e4 c5 2. Nf3 d6 3. d4 cxd4 4. Nxd4 Nf6 5. Nc3 a6 6. Bg5 Nbd7 7. Qe2 {B94: Sicilian Najdorf: 6 Bg5 Nbd7} (7. Bc4 Qa5 8. Qd2 e6 9. Bb3 Be7 10. O-O-O h6 11. Be3 Nc5 12. Kb1 Bd7 13. f3 Qc7 14. g4 b5 15. a3 Qb7 16. h4 a5 {1-0 (34) Nepomniachtchi,I (2732)-Korobov,A (2711) Khanty-Mansiysk 2017}) 7... h6 8. Bh4 b5 9. O-O-O Bb7 10. f4 g5 11. fxg5 hxg5 {LiveBook: 3 Games} 12. Bxg5 e6 13. Qe1 $146 ({Predecessor:} 13. g4 b4 14. Nd5 exd5 15. exd5+ {½-½ (60) Cornette,M (2585)-Idani,P (2496) Reykjavik 2015}) 13... Rc8 14. Kb1 Qb6 15. a3 Rxc3 {[#]} 16. Bxf6 $1 (16. Qxc3 Nxe4 17. Qe3 Qc5 $15) 16... Nxf6 17. Qxc3 {Hoping for Nxe6!} e5 18. Nf5 {Strongly threatening Bd3.} Nxe4 {[#]} 19. Qb3 $1 {And now Bc4 would win.} Nf2 (19... Bc8 $16) 20. Bc4 $1 $18 {[%cal Rc4f7]} Qc7 21. Bd5 Nxd1 22. Rxd1 Rxh2 23. Bxb7 (23. Qf3 $18 Bxd5 24. Qxd5) 23... Qxb7 $16 24. Rxd6 {Threatens to win with Qc3.} Rxg2 $2 {[%mdl 8192]} (24... Rh1+ $16 25. Ka2 Rh5) 25. Qe3 $2 (25. Qc3 Re2 26. Rd1 (26. Rc6 Kd7 $11)) 25... f6 $2 (25... Qc7 26. Qxe5+ Be7) 26. Qb3 $18 {White is clearly winning.} Qc8 27. Re6+ Kd8 28. Qd5+ Qd7 29. Qa8+ Kc7 30. Qa7+ Kc8 31. Qxa6+ Kd8 32. Qb6+ Qc7 {[#]} 33. Re8+ $1 {[%mdl 512] Precision: White = 59%, Black = 37%.} 1-0

[Event "XVII MetLife Najdorf Open 2017"]
[Site "Warsaw"]
[Date "2017.07.17"]
[Round "9"]
[White "Debashis, Das"]
[Black "Dziuba, Marcin"]
[Result "0-1"]
[WhiteElo "2505"]
[BlackElo "2561"]
[Annotator "TA"]
[PlyCount "108"]
[EventDate "2017.??.??"]
[EventType "swiss"]
[EventCountry "POL"]
[SourceTitle "playchess.com"]
[Source "ChessBase"]
[SourceQuality "1"]

{[%evp 19,108,35,35,30,26,33,35,27,33,23,24,27,25,14,22,0,37,42,29,33,40,30,39,21,34,33,59,37,52,41,47,46,56,47,65,-42,-48,-49,69,47,43,42,50,41,44,45,106,80,76,71,54,-26,-38,-33,-31,-37,-30,-1025,-1000,-2470,-2189,-4595,-4446,-1997,-665,-3486,-4133,-2566,-2264,-1689,-1421,-1321,-1061,-2597,-2215,-5157,-5122,-5065,-5057,-4678,-4678,-1466,-1151,-1148,-1054,-1073,-920,-947,-893,-1355,-882]} 1. d4 d5 2. c4 e6 3. Nc3 c6 4. e3 Bd6 5. Nf3 f5 6. b3 Nf6 7. Bd3 O-O 8. O-O Ne4 9. Bb2 Nd7 10. Ne2 {A85: Dutch Defence: 2 c4 Nf6 3 Nc3} b6 {LiveBook: 7 Games} 11. Nf4 (11. b4 Rb8 12. b5 Bb7 13. cxd5 cxd5 14. Qa4 Qe7 15. Qb3 Ra8 16. a4 a5 17. Ba3 Bxa3 18. Rxa3 {1-0 (54) Morozevich,A (2758)-Timofeev,A (2616) Loo 2013}) 11... Qe7 12. Rc1 {White has an edge.} Bb7 13. Ne5 Rac8 14. Qe2 $146 ({Predecessor:} 14. Bb1 Rfd8 15. Qe2 Ba6 16. f3 Bxe5 17. dxe5 Nec5 {1-0 (40) Krstic,P (2257)-Riemelmoser,F (2278) Germany 2008}) 14... Nxe5 15. dxe5 Bb8 16. Rfd1 Nc5 17. Bc2 Nd7 18. Nd3 c5 19. f4 Rf7 20. Nf2 Nf8 21. Bd3 Rd8 22. Rc2 g5 23. cxd5 exd5 24. Nh1 gxf4 25. exf4 {And now Ng3 would win.} Ne6 26. Qf2 c4 27. bxc4 (27. Be2 $1 $14) 27... dxc4 $15 28. Rxc4 Ba6 (28... b5 $15 29. Rcc1 Bc7 30. Qxa7 Bxg2) 29. Rd4 Nxd4 30. Bxa6 Ne6 31. Rxd8+ Qxd8 32. Bc4 Qc8 (32... Qd1+ $14 33. Qf1 Qxf1+ 34. Kxf1 Nxf4) 33. Bb3 {[#] Strongly threatening Qh4.} b5 34. Qd2 a5 35. Qd5 (35. Ng3 $1 $14) 35... a4 $1 $11 36. Qxe6 Qc5+ 37. Kf1 $1 axb3 38. axb3 $2 {[%mdl 8192]} (38. Qe8+ $11 Qf8 39. Qxf8+ (39. Qxb5 bxa2 40. Qc4 Qd8 $17) 39... Rxf8 40. axb3) 38... Ba7 $19 {Black is clearly winning.} 39. Qe8+ Rf8 40. Qe6+ Kh8 41. Qd6 Qg1+ 42. Ke2 {[%cal Rd6f8] [#]} Qxg2+ 43. Kd3 Qe4+ 44. Kd2 Qxf4+ 45. Kd1 Qf3+ 46. Kd2 Qg2+ 47. Kd3 Qe4+ 48. Kd2 Be3+ 49. Kd1 Qb1+ 50. Ke2 Qxb2+ 51. Kxe3 Qxb3+ 52. Kf2 Qa2+ 53. Kf3 Qa8+ 54. Kf2 Qd8 {Precision: White = 43%, Black = 76%.} 0-1

[Event "XVII MetLife Najdorf Open 2017"]
[Site "Warsaw"]
[Date "2017.07.17"]
[Round "9"]
[White "Riff, Jean-Noel"]
[Black "Dragun, Kamil"]
[Result "0-1"]
[WhiteElo "2493"]
[BlackElo "2621"]
[Annotator "TA"]
[PlyCount "76"]
[EventDate "2017.??.??"]
[EventType "swiss"]
[EventCountry "POL"]
[SourceTitle "playchess.com"]
[Source "ChessBase"]
[SourceQuality "1"]

{[%evp 21,76,0,42,7,40,56,55,28,24,-19,-29,-35,-17,-21,-14,-391,-382,-755,-370,-373,-322,-384,-353,-328,-355,-761,-666,-751,-747,-669,-258,-265,-264,-265,-254,-257,-257,-262,-263,-259,-251,-254,-262,-261,-260,-259,-255,-243,-258,-284,-265,-265,-257,-265,-258,-300,-285]} 1. e4 c5 2. Nf3 e6 3. d4 cxd4 4. Nxd4 a6 5. Be2 Nf6 6. Nc3 d6 7. O-O Be7 8. f4 Qc7 9. a4 O-O 10. Kh1 b6 11. e5 Ne8 {LiveBook: 4 Games. B84: Sicilian Scheveningen: 6 Be2 a6, lines without early Be3} (11... dxe5 12. fxe5 Nfd7 13. Bf4 Bb7 14. Bd3 Nc5 15. Qg4 Nxd3 16. cxd3 Kh8 17. Nf3 Nc6 18. Rae1 Rad8 19. Re3 Bc5 20. d4 Bxd4 21. Nxd4 Nxd4 22. Bg5 Rd7 23. Bf6 gxf6 24. Rg3 {1-0 (24) Zelcic,R (2535)-Kozul,Z (2631) Opatija 2015}) 12. Bd3 Bb7 13. f5 $146 ({Predecessor:} 13. Qh5 g6 14. Qe2 Nd7 15. Nf3 Rd8 16. Bd2 Nc5 17. Bc4 Ng7 18. Rae1 Nf5 19. b4 {0-1 (29) Sequeda Mendoza,N (2065)-Diaz Patete,M (2060) Venezuela 1999}) 13... dxe5 {White is slightly better.} 14. fxe6 Nf6 $1 (14... exd4 15. Bxh7+ $1 {[%mdl 512]} (15. exf7+ Rxf7 16. Bxh7+ Kf8 $17) 15... Kh8 16. Qh5 $14) 15. Bg5 (15. exf7+ {is interesting.} Rxf7 16. Nf5 Kh8 17. Nxe7 Rxe7 18. Bg5) 15... exd4 16. Bxf6 $1 Bxf6 $40 {[%mdl 128] White needs to defend precisely.} (16... gxf6 17. Qh5 $18) 17. Rxf6 {aiming for Qh5!} dxc3 (17... gxf6 18. Qg4+ Kh8 19. e7 $17) 18. Bxh7+ $2 {[%mdl 8192]} (18. Qg4 $1 $11 {and White is okay.} cxb2 19. Raf1) 18... Kxh7 $19 19. Qh5+ Kg8 20. Raf1 {[#]} Bd5 $1 {[%cal Rd5e6]} ({Not} 20... gxf6 21. Qg4+ Kh7 22. Qh3+ Kg8 23. Qg4+ Kh7 24. Qh4+ Kg8 25. Qg4+ $11) 21. Qxd5 gxf6 22. Rxf6 {[#] Threatening mate with Qg5+.} Qc5 $1 {[%cal Rc5d5]} ({Inferior is} 22... cxb2 23. Qg5+ Kh8 24. Rh6#) 23. Qd1 $2 (23. Qd3 Qe5 24. exf7+ Rxf7 25. Rg6+ Rg7 26. Qc4+ Kf8 27. Re6) 23... Qg5 24. exf7+ Kg7 25. Rf3 Nc6 $2 (25... Qe5 26. Rf1 Rxf7 27. Qg4+ Kf8 28. Qc8+ Qe8 29. Rxf7+ Kxf7 30. Qf5+ Ke7 31. Qe5+ Kd8 32. Qf6+ Kc7 33. Qxc3+ Nc6 34. Qg7+ Kd6 35. Qf6+ Qe6) 26. Rg3 {[#]} Qxg3 $1 27. hxg3 cxb2 28. Qb1 Rxf7 {( -> ...Nd4)} 29. Qxb2+ Rf6 30. g4 {Threatens to win with g5.} Kg6 31. Qxb6 Ne5 32. Qd4 {Qe4+ is the strong threat.} Re8 33. Kh2 Nf7 34. Qd5 Re5 35. Qa8 {Black has a decisive advantage.} Kg7 36. Qb7 Rg5 37. Kh3 Rc5 38. Qd7 Rd6 {Precision: White = 38%, Black = 82%.} 0-1

[Event "XVII MetLife Najdorf Open 2017"]
[Site "Warsaw"]
[Date "2017.07.17"]
[Round "9"]
[White "Puranik, Abhimanyu"]
[Black "Konguvel, Ponnuswamy"]
[Result "1/2-1/2"]
[WhiteElo "2479"]
[BlackElo "2388"]
[Annotator "TA"]
[PlyCount "92"]
[EventDate "2017.??.??"]
[EventType "swiss"]
[EventCountry "POL"]
[SourceTitle "playchess.com"]
[Source "ChessBase"]
[SourceQuality "1"]

{[%evp 16,92,-35,-55,-58,-109,-128,-126,-114,-122,-125,-122,-100,-156,-155,-172,-165,-172,-164,-165,-160,-153,0,-175,-171,-152,-173,-149,-127,-189,-180,-168,-172,-170,-173,-166,-152,-195,-166,-205,-204,-197,-191,-174,-107,-117,-90,-91,-89,-90,-66,-89,-62,-50,-55,-64,-63,-72,-68,-71,-71,-73,-75,-70,-75,-70,-72,-73,-70,-95,-87,-95,-15,-39,-15,-15,-15,-15,-27]} 1. e4 c5 2. Nc3 g6 3. f4 Bg7 4. Nf3 Nc6 5. Bc4 e6 6. d3 Nge7 7. a3 d5 8. Ba2 O-O 9. O-O {LiveBook: 8 Games} Nd4 {B23: Closed Sicilian: Lines without g3} 10. f5 $146 (10. Nxd4 $15 Bxd4+ 11. Kh1) ({Predecessor:} 10. Kh1 dxe4 11. dxe4 b6 12. Qd3 Bb7 13. Ne2 Nxf3 14. Qxf3 Qd7 15. Ng3 Rad8 16. c3 Qb5 17. Qf2 {0-1 (37) Yatsishin,I (2205)-Moliboga,V (2271) Lvov 2010}) 10... dxe4 $17 11. dxe4 exf5 {Black is better.} 12. Bg5 h6 13. Bh4 Qc7 14. Kh1 (14. Qd3 $142) 14... fxe4 $1 15. Nxe4 {[#]} Nef5 $1 {And now ...Nxf3 would win.} 16. Nf6+ {[#]} Kh8 $1 17. Nd5 Qc6 {Strongly threatening ...Nxf3.} 18. Ne7 Qc7 19. Nd5 Qd6 20. Nxd4 cxd4 21. Be1 {Black should prevent Bb4.} a5 22. Bd2 (22. Qf3 $17 {keeps fighting.}) 22... Be6 23. Qf3 Rad8 {[%cal Re6d5]} 24. Nf4 {Threatens to win with Bxe6.} Bxa2 25. Rxa2 b6 26. b4 a4 27. c4 dxc3 28. Bxc3 Bxc3 29. Qxc3+ Qd4 (29... Kg8 $19 30. g4 Nd4) 30. Ne2 Qxc3 31. Nxc3 Ne3 32. Re1 Nc4 33. Nxa4 Rfe8 {[%cal Re8e1]} (33... Ra8 {is interesting.} 34. Nc3 Rxa3 35. Rxa3 Nxa3 36. Nd5 Nc4) 34. Rc1 Ra8 35. h3 b5 $1 36. Nc3 Rxa3 37. Rf2 Nd6 38. Rd2 Ra6 39. Rcd1 Re6 $1 40. Rd5 Rb6 41. Kh2 Kg7 42. R1d3 h5 43. Rc5 h4 ({Better is} 43... Re1 $17 44. Rf3 Ra6) 44. Nd5 Rb7 45. Nc7 Re7 {...Ne4 is the strong threat.} 46. Rxd6 {aiming for Nd5.} Rexc7 {Precision: White = 52%, Black = 71%.} 1/2-1/2

[Event "XVII MetLife Najdorf Open 2017"]
[Site "Warsaw"]
[Date "2017.07.17"]
[Round "9"]
[White "Prasanna, Raghuram Rao"]
[Black "Shvayger, Yuliya"]
[Result "0-1"]
[WhiteElo "2466"]
[BlackElo "2434"]
[Annotator "TA"]
[PlyCount "80"]
[EventDate "2017.??.??"]
[EventType "swiss"]
[EventCountry "POL"]
[SourceTitle "playchess.com"]
[Source "ChessBase"]
[SourceQuality "1"]

{[%evp 19,80,-29,-25,-62,-62,-58,-46,-60,-37,-57,-50,-77,-55,-113,-94,-96,-94,-97,-90,-81,-85,-121,-129,-132,-85,-219,-212,-209,-129,-130,-139,-174,-171,-155,-146,-151,-92,-175,-156,-181,-186,-316,-292,-300,-294,-368,-363,-502,-471,-663,-673,-662,-654,-602,-620,-777,-763,-750,-743,-670,-588,-1320,-1282]} 1. Nf3 d5 2. g3 g6 3. Bg2 Bg7 4. O-O e5 5. d3 Ne7 6. c4 dxc4 {A07: Réti Opening: New York and Capablanca Systems} 7. Qa4+ Nbc6 8. Qxc4 Be6 9. Qa4 h6 10. Nc3 O-O {LiveBook: 14 Games} 11. Be3 Nd4 12. Rac1 c6 13. Rfe1 {[#]} f5 $146 ({Predecessor:} 13... Nef5 14. Bd2 Nxf3+ 15. Bxf3 Nd4 16. Bg2 Qd7 17. Ne4 {½-½ (73) Malakhov,V (2702)-Inarkiev,E (2664) St Petersburg 2015}) 14. Qd1 g5 15. Bd2 Rc8 16. b3 (16. Na4 $15) 16... Qd7 $17 17. Nb1 b6 18. Bc3 Nd5 19. Bb2 Nb4 20. Bxd4 exd4 21. Qd2 Nd5 22. Qb2 (22. e3 $17) 22... c5 $19 23. Nbd2 g4 24. Nh4 Kh7 25. Bh1 Bf6 26. Ng2 h5 27. Nf1 h4 (27... Bf7 $142 28. Qd2 Bg7) 28. Qd2 (28. Nxh4 $17 Bxh4 29. Bxd5 Bxd5 30. gxh4) 28... h3 29. Nf4 Nxf4 30. Qxf4 (30. gxf4 $142 Bh4 31. Ng3) 30... Rg8 {And now ...Bg5 would win.} 31. Qd2 {[#]} Bg5 $1 {[%cal Rg5d2]} 32. e3 Bd5 33. f3 dxe3 {Black is clearly winning.} 34. Nxe3 (34. Qe2 $142 f4 35. fxg4 Bxh1 36. gxf4) 34... Bxf3 35. Bxf3 gxf3 36. Qf2 f4 {[%cal Bf5f4,Bf4g3][%mdl 32]} 37. Nc4 fxg3 38. Qxf3 Bxc1 39. Qe4+ Kh8 40. Qe5+ Qg7 {Precision: White = 38%, Black = 68%.} 0-1

[Event "XVII MetLife Najdorf Open 2017"]
[Site "Warsaw"]
[Date "2017.07.17"]
[Round "9"]
[White "Thybo, Jesper Sondergaard"]
[Black "Kaczmarek, Aleksander"]
[Result "1/2-1/2"]
[WhiteElo "2465"]
[BlackElo "2380"]
[Annotator "TA"]
[PlyCount "129"]
[EventDate "2017.??.??"]
[EventType "swiss"]
[EventCountry "POL"]
[SourceTitle "playchess.com"]
[Source "ChessBase"]
[SourceQuality "1"]

{[%evp 15,129,43,62,42,80,53,95,102,237,104,121,127,124,136,200,28,45,0,0,0,0,-6,39,0,0,0,0,0,0,0,0,-32,-41,-41,-37,-83,-93,-84,-87,-114,-107,-111,-90,-103,-95,-100,-99,-97,-91,-93,-89,-90,0,-91,-89,-91,-89,-126,-68,-75,-57,-60,-20,-21,0,-52,0,0,0,-10,0,0,0,0,0,-15,0,0,0,0,0,0,-3,-17,0,0,0,0,0,-17,-17,-17,0,0,0,-17,-8,-17,0,0,-1,-27,-17,-17,-17,-17,-17,-17,-17,-17,-17,-17,-17,-17,-17,-17]} 1. d4 c5 2. d5 e6 3. e4 exd5 4. exd5 d6 5. c4 g6 6. Bd3 {A43: Schmid Benoni} Bg7 7. Nf3 Ne7 8. O-O O-O {LiveBook: 4 Games} 9. Re1 h6 10. h3 $146 ({Predecessor:} 10. Nc3 Na6 {½-½ (10) Cyborowski,L (2510)-Markowski,T (2538) Warsaw 2002}) 10... g5 11. Nc3 {Hoping for Nxg5!} Ng6 {[#]} (11... Nd7 $16) 12. Ne4 (12. Nxg5 $1 $18 {and the rest is easy.} hxg5 13. Qh5) 12... g4 13. hxg4 Bxg4 {[#]} 14. Ng3 $1 {[%cal Be4g3,Bg3f1,Bf1h2][%mdl 32]} f5 (14... Nd7 $16 {might work better.}) 15. Be2 $2 (15. Re6 $18 Ne5 16. Bf4 (16. Bxh6 f4 $14)) 15... f4 16. Nf1 Nd7 17. N1h2 Bf5 18. Bd3 Nde5 (18... Qf6 {feels hotter.} 19. Qc2 Bxd3 20. Qxd3 Nde5 21. Qc2 Qf5) 19. Nxe5 Nxe5 20. Bxf5 Rxf5 21. Nf3 Nxf3+ 22. Qxf3 Qh4 23. Qh3 (23. Bd2 {keeps more tension.} Rh5 24. Kf1 Rf8 25. Bc3 Bxc3 26. bxc3 Qg5 27. Kg1) 23... Qxh3 24. gxh3 Be5 25. Bd2 Rh5 ({Of course not} 25... Bxb2 $6 26. Rab1 $11) 26. Kg2 Rf8 ({Much weaker is} 26... Bxb2 $6 27. Rab1 $11) 27. f3 Rf7 ({Don't play} 27... Bxb2 $6 28. Rab1 $11) 28. Kh2 Bxb2 29. Rg1+ Kh7 30. Rab1 Bd4 31. Rg4 Rhf5 32. a4 Bf2 {aiming for ...Bg3+.} 33. Be1 Bd4 (33... h5 {looks sharper.} 34. Rg2 Bd4 35. Bd2 Re7 36. h4 Rff7) 34. Bd2 b6 35. Re1 Re5 36. Rxe5 Bxe5 $17 {[%mdl 4096] Endgame KRB-KRB} (36... dxe5 $17 37. Be1 h5) 37. Kg1 $15 h5 38. Rg5 Kh6 (38... Bf6 $5 {[%cal Rf6g5]} 39. Rg2 Be5 $15) 39. Rg8 $1 Kh7 40. Ra8 (40. Rg5 $1 $11) 40... Kg6 (40... Rg7+ $15 41. Kf2 Kg6) 41. Kf1 $11 Kf5 42. Rg8 Bf6 43. Ke2 Bg7 44. Kd3 Be5 45. Bc1 Rg7 46. Rxg7 Bxg7 {KB-KB} 47. Bd2 Be5 48. Be1 Bd4 49. Bh4 Bf6 50. Bf2 a6 51. Be1 Bd4 52. Bd2 Ke5 53. Bc1 $1 Kf5 (53... b5 $5 54. axb5 axb5 $15) 54. Bd2 Ke5 55. Bc1 Ba1 56. Bd2 Bb2 (56... b5 $5 57. cxb5 axb5 58. axb5 Kxd5 59. Bxf4 Bd4 $15) 57. Kc2 Bd4 58. Kd3 {[#]} b5 $1 {[%mdl 512]} 59. axb5 {The position is equal.} axb5 60. cxb5 Kxd5 61. Bxf4 c4+ 62. Kd2 Kc5 {[#]} 63. b6 $1 {[%cal Rb6b7][%mdl 512] Strongly threatening b7.} Kxb6 {...Kc6 is the strong threat.} 64. Bxd6 Kc6 65. Bb4 {Precision: White = 53%, Black = 39%.} 1/2-1/2

[Event "XVII MetLife Najdorf Open 2017"]
[Site "Warsaw"]
[Date "2017.07.17"]
[Round "9"]
[White "Krzyzanowski, Marcin"]
[Black "Lagunow, Raphael"]
[Result "1-0"]
[WhiteElo "2464"]
[BlackElo "2348"]
[Annotator "TA"]
[PlyCount "61"]
[EventDate "2017.??.??"]
[EventType "swiss"]
[EventCountry "POL"]
[SourceTitle "playchess.com"]
[Source "ChessBase"]
[SourceQuality "1"]

{[%evp 34,61,39,-65,109,107,112,108,114,110,106,103,100,104,471,473,538,551,727,719,1152,1116,1420,1360,1402,1408,2706,2610,2584,2456]} 1. e4 c5 2. Nf3 e6 3. d4 cxd4 4. Nxd4 Nf6 5. Nc3 Nc6 6. Ndb5 d6 7. Bf4 e5 8. Bg5 a6 9. Na3 b5 10. Bxf6 gxf6 {[%cal Bg7f6,Bf6f5][%mdl 32]} 11. Nd5 f5 12. Bd3 Be6 13. c3 Bg7 14. Nxb5 {B33: Sicilian: Pelikan and Sveshnikov Variations} axb5 15. Bxb5 Bd7 16. exf5 O-O 17. Qg4 Kh8 18. Qe4 {[#] LiveBook: 6 Games} (18. O-O $14) 18... Ne7 $146 (18... Ra5 $1 $15 {keeps the upper hand.} 19. Bd3 f6) ({Predecessor (2):} 18... Rg8 19. f6 Bh6 20. Bd3 Rg6 21. h4 Qg8 22. Nb6 Rg4 23. Qe2 e4 24. Bb5 e3 25. Nxa8 exf2+ 26. Kf1 Rxg2 27. Qf3 Ne5 {0-1 (26) Istratescu,A (2636)-Moiseenko,A (2632) Montreal 2008}) 19. f6 $16 Nxd5 20. fxg7+ Kxg7 {[#] And now ...Nxc3 would win.} 21. Qxd5 Ra5 22. c4 {aiming for 0-0.} Bxb5 23. cxb5 {Strongly threatening 0-0.} Qb6 $2 {[%mdl 8192]} (23... Qa8 $16 24. Qd3 (24. Qxd6 Qe4+ 25. Kf1 Rxa2 $14) 24... Rxa2 25. Rxa2 Qxa2) 24. a4 $18 {White is clearly winning.} Rc8 25. O-O Rc5 26. Qd3 Qc7 27. Qg3+ Kh8 28. b4 {[%cal Bb2b4,Bb4a5][%mdl 32]} Rc3 29. b6 Qc6 30. Qxc3 Qxc3 31. bxa5 {Precision: White = 69%, Black = 14%.} 1-0

[Event "XVII MetLife Najdorf Open 2017"]
[Site "Warsaw"]
[Date "2017.07.17"]
[Round "9"]
[White "Drozdowski, Kacper"]
[Black "Omar, Noaman"]
[Result "1/2-1/2"]
[WhiteElo "2461"]
[BlackElo "2354"]
[Annotator "TA"]
[PlyCount "52"]
[EventDate "2017.??.??"]
[EventType "swiss"]
[EventCountry "POL"]
[SourceTitle "playchess.com"]
[Source "ChessBase"]
[SourceQuality "1"]

{[%evp 20,52,13,0,0,0,0,0,0,-18,-14,-14,0,-3,-3,-8,0,-3,0,-4,0,-4,-6,-6,-6,-10,-4,-18,-12,-12,0,-13,0,-4,0]} 1. e4 c6 2. d4 d5 3. Nc3 dxe4 4. Nxe4 Bf5 5. Ng3 Bg6 6. Nh3 Nf6 7. c3 e6 8. Nf4 Bd6 9. Bc4 Nbd7 {B18: Classical Caro-Kann: 4...Bf5 sidelines} (9... Qc7 10. Qf3 Nbd7 11. h4 c5 12. dxc5 Qxc5 13. Qe2 Rc8 14. Bb3 Qc7 15. h5 Bxf4 16. Bxf4 Qxf4 17. hxg6 {½-½ (77) Harikrishna,P (2753)-Navara,D (2734) Huaian 2016}) 10. O-O Nd5 11. Qf3 {LiveBook: 3 Games. The position is equal.} Qf6 $146 {[%cal Rd5f4]} ({Predecessor:} 11... Nxf4 12. Bxf4 Bxf4 13. Qxf4 Qb8 14. Qxb8+ Rxb8 {½-½ (14) Tkachiev,V (2637)-Dubov,D (2629) Warsaw 2013}) 12. Bxd5 cxd5 13. Qg4 Bxf4 14. Qxf4 (14. Bxf4 $5 {[%cal Rf4g5]} h5 15. Qg5 $15) 14... Qxf4 15. Bxf4 Ke7 16. Rfe1 Rhc8 17. Nf1 Rc6 18. Ne3 Kf8 19. Re2 Nb6 20. a4 a5 21. f3 f6 22. Bg3 Kf7 23. Be1 Bd3 24. Rd2 Bg6 25. Re2 Bd3 26. Rd2 Bg6 {Precision: White = 55%, Black = 62%.} (26... Bc4 $5) 1/2-1/2